000 01093nam0a22002411 4500
001 rc\4476542
005 20260408082412.0
021 _aRU
_bРг7142-63
035 _a(NLR Aleph) 008332380
090 _a8825250
_c8825250
100 _a20130416d1963 |||y0rusy50 ca
101 0 _arus
102 _aRU
105 _aa z |||||
200 1 _aКраткие обзоры о торфяных ресурсах и их использовании
_e[Австрия, Венгрия, ГДР, Ирландия, Италия, Канада, Новая Зеландия, Пакистан, США, Шотландия, Чехословакия, Япония]
_fМеждунар. конгресс по торфу. Ленинград. 1963
210 _aЛенинград
_cБ. и.
_d1963
215 _a82 с., 1 отд. л. схем. в обертке
_d23
712 1 2 _aМеждународный конгресс по торфу
_f1963
_eЛенинград
_3RU\NLR\AUTH\8810147124
_9788738
801 0 _aRU
_bNLR
_gpsbo
801 1 _aRU
_bELAR
_2rusmarc
852 _aNLR
_j63-6/10917
942 _cBOOK
980 _aNB